|
|
|
|
| LEADER |
00000nam0a2200000 4500 |
| 001 |
267911 |
| 005 |
20231101234123.0 |
| 010 |
|
|
|a 9785977601733
|
| 010 |
|
|
|a 978-5-16-004563-4
|
| 035 |
|
|
|a (RuTPU)RU\TPU\book\291024
|
| 035 |
|
|
|a RU\TPU\book\234457
|
| 035 |
|
|
|a RU\TPU\book\291024
|
| 090 |
|
|
|a 267911
|
| 100 |
|
|
|a 20120426d2015 m y0rusy50 ca
|
| 101 |
0 |
|
|a rus
|
| 102 |
|
|
|a RU
|
| 105 |
|
|
|a y j 000zy
|
| 200 |
1 |
|
|a Национальная экономика
|e учебное пособие
|f А. С. Булатов
|
| 210 |
|
|
|a Москва
|c Инфра-М
|c Магистр
|d 2015
|
| 215 |
|
|
|a 303 с.
|
| 330 |
|
|
|a Учебное пособие состоит из двух разделов: в первом изложены теоретические и методические основы анализа экономики страны. Изучение экономики страны начинается с анализа специфики ее социально-экономической модели. Этот подход формализован через набор индикаторов, применяемых в мировой практике. В обзор социально-экономической модели включены политическая и этическая составляющие. Второй раздел посвящен российской социально-экономической модели. Рассмотрены главные черты российской модели, пропорции и темпы роста экономики, основные фонды, инвестиции. Охарактеризована экономическая политика, соотношение форм бизнеса. В отдельных главах описаны реальный и финансовый секторы экономики, человеческий капитал, социальная сфера, внешнеэкономические связи и региональная политика. Для студентов вузов, обучающихся по экономическим специальностям и направлениям.
|
| 606 |
1 |
|
|a Национальная экономика
|x Экономическая теория
|2 stltpush
|3 (RuTPU)RU\TPU\subj\71812
|9 85550
|
| 606 |
1 |
|
|a Национальная экономика
|y Россия
|2 stltpush
|3 (RuTPU)RU\TPU\subj\71813
|9 85551
|
| 610 |
1 |
|
|a экономический рост
|
| 610 |
1 |
|
|a экономический потенциал
|
| 610 |
1 |
|
|a экономические пропорции
|
| 610 |
1 |
|
|a экономические ресурсы
|
| 610 |
1 |
|
|a секторы экономики
|
| 610 |
1 |
|
|a Россия
|
| 610 |
1 |
|
|a экономическая политика
|
| 610 |
1 |
|
|a бизнес
|
| 610 |
1 |
|
|a человеческий капитал
|
| 610 |
1 |
|
|a реальный сектор
|
| 610 |
1 |
|
|a финансовый сектор
|
| 610 |
1 |
|
|a внешний сектор
|
| 610 |
1 |
|
|a социальный сектор
|
| 610 |
1 |
|
|a региональные проблемы
|
| 610 |
1 |
|
|a учебные пособия
|
| 686 |
|
|
|a У011я73
|v LBC/SL-A
|2 rubbk
|
| 686 |
|
|
|a У9(2)0я73
|v LBC/SL-A
|2 rubbk
|
| 700 |
|
1 |
|a Булатов
|b А. С.
|g Александр Сергеевич
|
| 801 |
|
1 |
|a RU
|b 63413507
|c 20140822
|
| 801 |
|
2 |
|a RU
|b 63413507
|c 20150513
|g RCR
|
| 900 |
|
|
|a Национальная экономика
|
| 942 |
|
|
|c BK
|
| 951 |
|
|
|b 080100
|l 8
|
| 959 |
|
|
|a 89/20140527
|d 10
|e 449,90
|f ЧЗГЛ:1
|f АНЛ:1
|f УФ:8
|